00960nam a2200217 a 450000100100000000500170001000800410002704000250006808200190009310000410011224501060015326000940025930000210035359000270037465000280040165000310042970000490046091000370050995201790054699900170072500003267320240412074256.0110725s1943 dr r 000 p spa d aDO-SdBNPbspacBNPHU aRD861.4bB352L1 aBautista Lamarche, Juand189495854913aEl libro de nuestros hijos :bpoemas /cJuan Bautista Lamarche, María Patín Pichardo de Lamarche. aCiudad Trujillo,República Dominicana :bLa Nación de Luis Sánchez Andújar,c1943. a165 p. ;c17 cm. aInventariado, 2018/ YL 0aPoesía dominicana966 0aLiteratura dominicana.9671 aPichardo de Lamarche, María Patín958550 aValidado. Control de calidad MFF 001050718RVaPDbPDcHDd2011-07-25iLF1l0oRD861.4 B352Lp32673-10r2020-06-25w2020-06-25y1zPerteneció a la biblioteca personal de Julio Ortega Frier.ZNo se presta c32164d32164